Sobre las álgebras de Lukasiewicz m generalizadas de orden n /

Guardado en:
Otros Autores: Gallardo, Carlos Alberto. (Disertante), Ziliani, Alicia N. (Orientador)
Formato: Manuscrito
Idioma:Spanish
Publicado: 2016.
Materias:
Acceso en línea:Texto completo
Etiquetas: Agregar Etiqueta
Sin Etiquetas, Sea el primero en etiquetar este registro!
LEADER 01198ntm a22002895a 4500
001 MAT.inmabb007064
008 170427s2016####ag#######bm###000#0#spa#d
005 20180221105619.0
245 1 0 |a Sobre las álgebras de Lukasiewicz m generalizadas de orden n /  |c Carlos Alberto Gallardo. 
260 |c 2016. 
300 |a 167 h. ;  |c 30 cm. 
500 |a Directora de tesis: Alicia Nora Ziliani. 
500 |a "Tesis de Doctor en Matemática". 
502 |a Tesis (doctoral)--Universidad Nacional del Sur. Departamento de Matemática, 2017. 
530 |a Disponible también en formato digital. 
504 |a Incluye referencias bibliográficas. 
100 1 |a Gallardo, Carlos Alberto.  |4 dis 
700 1 |a Ziliani, Alicia N.  |q (Alicia Nora)  |4 ths 
710 2 |a Universidad Nacional del Sur.  |b Departamento de Matemática  |4 dgg. 
082 0 4 |a 040  |2 15 
082 0 4 |a 512.8  |2 15 
650 7 |a Matemática.  |2 unbist 
650 7 |a Álgebra.  |2 unbist 
653 |a Álgebras de Lukasiewicz 
856 4 1 |3 Texto completo  |u http://repositoriodigital.uns.edu.ar/handle/123456789/3393 
859 |a AR-BaUNS  |b BIB. MATEMATICA  |h 040  |i B148 2017-1491  |k R  |p A-9132 
859 |a AR-BaUNS  |b BIB. MATEMATICA  |h 040  |i B148 2017-1491  |p 126068/017